000 00732nam a2200229Ia 4500
001 15955
003 GE_BSU
008 181216s||||||||xx |||||||||||||| ||und||
040 _cGE_BSU
080 _a821.353.1-311.6
100 _aჯაფარიძე, რევაზ
245 _aგზა გოლგოთისაკენ
245 _bამბავი
245 _cრედ.: მანანა სანადირაძე. მხ. მ. დედანაშვილი
260 _aთბილისი
260 _bმერანი,
260 _c1992
300 _a286გვ. ; 20სმ
653 _aამბავი
653 _aგზა გოლგოთისაკენ
942 _cBK
999 _c49049
_d49049